000 00514nam a2200181Ia 4500
001 19381
005 20260306172649.0
008 260306t2007||||xx |||||||||||||| ||spa||
041 _aESP
082 _a658.848
_bK77
100 _aKotler, Philip
_eAUT
245 0 _aMarketing internacional de lugares y destinos:
_bestrategias para la atracción de clientes y negocios en lationamérica
260 _c2007
300 _a392. páginas :
_c23 cm.
650 _aGEN
654 _aCAN
942 _cLIB
_dJUS
_fJUS
_2ddc
_n
999 _c19381
_d19381